Design, simulation and testing of an 8-BIT processor using VHDL coding for CPLDs / (Record no. 188630)

000 -LEADER
fixed length control field 00926 a2200193 4500
003 - CONTROL NUMBER IDENTIFIER
control field 0
005 - DATE AND TIME OF LATEST TRANSACTION
control field 20251111132134.0
040 ## - CATALOGING SOURCE
Transcribing agency 0
082 ## - DEWEY DECIMAL CLASSIFICATION NUMBER
Classification number 621.382,RAU
100 ## - MAIN ENTRY--PERSONAL NAME
Personal name Rauf, GC Asad (TCC-6)
9 (RLIN) 131782
245 ## - TITLE STATEMENT
Title Design, simulation and testing of an 8-BIT processor using VHDL coding for CPLDs /
Remainder of title GC Asad Rauf, GC Shahzad Hamid Javaid & GC Shahzaib Alam Khan , PC Malik Qasim Bashir and NC Hasan Shahzad Zaidi.
260 ## - PUBLICATION, DISTRIBUTION, ETC.
Place of publication, distribution, etc. Rawalpindi
Name of publisher, distributor, etc. MCS
Date of publication, distribution, etc. 1999
300 ## - PHYSICAL DESCRIPTION
Extent 133 p.;
505 ## - FORMATTED CONTENTS NOTE
Formatted contents note Design methodologies (Page-1) Programmable logic devices (Page-8) Hardware descriptive languages (Page-23) Levels of abstraction (Page-53) VHDL for design synthesis (Page-63) Processor design (Page-72) Our processor (Page-91) Software engineering and hardware implementation (Page-123).
650 ## - SUBJECT ADDED ENTRY--TOPICAL TERM
Topical term or geographic name entry element UG Projects
9 (RLIN) 98716
651 ## - SUBJECT ADDED ENTRY--GEOGRAPHIC NAME
Geographic name TCC-6
9 (RLIN) 131771
700 ## - ADDED ENTRY--PERSONAL NAME
Personal name Supervised by Lt Col Dr. Ashraf Masood
9 (RLIN) 131783
942 ## - ADDED ENTRY ELEMENTS (KOHA)
Koha item type Project Report
Source of classification or shelving scheme
Holdings
Withdrawn status Lost status Source of classification or shelving scheme Damaged status Not for loan Permanent Location Current Location Shelving location Date acquired Full call number Barcode Date last seen Price effective from Koha item type Public note
          Military College of Signals (MCS) Military College of Signals (MCS) Reference 12/12/2016 621.382, RAU MCSPTC-20 12/08/2016 12/12/2016 Project Report Almirah No. 94, Shelf No. 1
© 2023 Central Library, National University of Sciences and Technology. All Rights Reserved.